| 000 | 00628nam a2200229Ia 4500 | ||
|---|---|---|---|
| 003 | OSt | ||
| 005 | 20220924121825.0 | ||
| 006 | a|||||r|||| 00| 0 | ||
| 007 | ta | ||
| 008 | 220923b |||||||| |||| 00| 0 urd d | ||
| 024 | _a314433 | ||
| 037 | _cTextual | ||
| 040 |
_aARTS _cARTS _burd |
||
| 041 |
_2urd _aurd |
||
| 082 | _aO168,1N226,1, M5 | ||
| 100 |
_aKhan Mohammad Zakir Ali _9187427 |
||
| 245 | 0 | _aRakht safar | |
| 260 |
_aKarachi _bZaid Bin Sultan Pakistan _c1985 |
||
| 650 | _aURDU POETRY | ||
| 942 |
_hO168,1N226,1, M5 _cTEXL _2CC |
||
| 999 |
_c409195 _d409195 |
||